[Event "CZE-chT 2223"]
[Site "Czech Republic"]
[Date "2023.03.25"]
[Round "10.4"]
[White "Meduna, Eduard"]
[Black "Krejci, Jan1111"]
[Result "1/2-1/2"]
[WhiteElo "2333"]
[BlackElo "2514"]
[PlyCount "44"]
[EventDate "2022.10.15"]
[EventType "team-tourn"]
[EventRounds "11"]
[EventCountry "CZE"]
[SourceTitle "CBM 213 Extra"]
[Source "ChessBase"]
[SourceDate "2023.05.31"]
[SourceVersion "1"]
[SourceVersionDate "2023.05.31"]
[SourceQuality "1"]
[WhiteTeam "Lysa nad Labem"]
[BlackTeam "Novoborsky"]
[WhiteTeamCountry "CZE"]
[BlackTeamCountry "CZE"]

1. d4 Nf6 2. Nf3 e6 3. Bf4 c5 4. c3 cxd4 5. cxd4 Nc6 6. Nc3 Bb4 7. Bd2 0-0 8. e3 d6 9. a3 Bxc3 10. Bxc3 Ne4 11. Rc1 Qe7 12. Be2 e5 13. d5 Nb8 14. 0-0 Bg4 15. Nd2 Bxe2 16. Qxe2 Nxd2 17. Bxd2 Na6 18. e4 Nc5 19. Qe3 Qd7 20. Bb4 b6 21. Bxc5 bxc5 22. b4 cxb4 1/2-1/2

[Event "CZE-chT2C 2223"]
[Site "Czech Republic"]
[Date "2022.12.04"]
[Round "4.1"]
[White "Meduna, Eduard"]
[Black "Vitak, Jiri"]
[Result "1/2-1/2"]
[WhiteElo "2330"]
[BlackElo "2215"]
[PlyCount "120"]
[EventDate "2022.10.16"]
[EventType "team-tourn"]
[EventRounds "11"]
[EventCountry "CZE"]
[SourceTitle "EXT 2024"]
[Source "ChessBase"]
[SourceDate "2023.10.10"]
[SourceVersion "1"]
[SourceVersionDate "2023.10.10"]
[SourceQuality "1"]
[WhiteTeam "Lysa nad Labem"]
[BlackTeam "Liberec"]
[WhiteTeamCountry "CZE"]
[BlackTeamCountry "CZE"]

1. d4 Nf6 2. Nf3 g6 3. Nbd2 d5 4. e3 Bg7 5. Be2 0-0 6. 0-0 Bg4 7. h3 Bxf3 8. Nxf3 c6 9. b3 Nbd7 10. Bb2 Ne4 11. c4 e6 12. Nd2 Ndf6 13. Nxe4 Nxe4 14. Bd3 f5 15. Qc2 Rf7 16. f3 Ng3 17. Rfe1 Qd7 18. Qf2 Nh5 19. Rad1 Nf6 20. Qc2 Re8 21. e4 fxe4 22. fxe4 Nh5 23. e5 Qe7 24. Rf1 Nf4 25. Bc1 Nxd3 26. Rxf7 Qxf7 27. Qxd3 Qe7 28. Rf1 Rf8 29. Rxf8+ Bxf8 30. c5 Qf7 31. g4 Be7 32. Kg2 Bd8 33. b4 a6 34. Qf3 Qxf3+ 35. Kxf3 a5 36. a3 axb4 37. axb4 Bh4 38. Ke2 Kf7 39. Bd2 Ke8 40. Be1 Bd8 41. h4 Kd7 42. g5 Ke8 43. Kd3 Kf7 44. Kc3 h6 45. Bd2 hxg5 46. Bxg5 Bc7 47. Kb3 Ke8 48. Ka4 Kd7 49. b5 b6 50. cxb6 Bxb6 51. Be3 Kc7 52. Kb4 Kb7 53. Bf2 Bd8 54. bxc6+ Kxc6 55. Ka4 Kb6 56. Be1 Bc7 57. Bf2 Ka6 58. Bg3 Bd8 59. Kb4 Bb6 60. Bf2 Ba7 1/2-1/2

[Event "EUR-chT Seniors 65"]
[Site "Prague"]
[Date "2021.09.05"]
[Round "7.2"]
[White "Kalinitschew, Sergey"]
[Black "Meduna, Eduard"]
[Result "1-0"]
[WhiteElo "2434"]
[BlackElo "2352"]
[PlyCount "61"]
[EventDate "2021.08.30"]
[EventType "team-swiss"]
[EventRounds "9"]
[EventCountry "CZE"]
[SourceTitle "CBM 204 Extra"]
[Source "ChessBase"]
[SourceDate "2021.11.30"]
[SourceVersion "1"]
[SourceVersionDate "2021.11.30"]
[SourceQuality "1"]
[WhiteTeam "Lasker Schachstiftung 65"]
[BlackTeam "Lysa nad Labem 65"]
[WhiteTeamCountry "GER"]
[BlackTeamCountry "CZE"]

1. e4 c6 2. d4 d5 3. e5 Bf5 4. h4 h5 5. c4 e6 6. Nc3 Nd7 7. cxd5 cxd5 8. Nf3 Ne7 9. Bg5 Qb6 10. Be2 Nc6 11. 0-0 Qxb2 12. Nb5 Rc8 13. Bd3 Bxd3 14. Qxd3 Nb4 15. Qe3 Nc2 16. Qe2 Qb4 17. Rfc1 Qc4 18. Qxc4 Rxc4 19. Nd2 Rc6 20. Nxa7 Rc7 21. Rab1 f6 22. Rb2 fxg5 23. hxg5 Be7 24. Nf3 Rc4 25. Rcxc2 Bd8 26. Nb5 0-0 27. Nd6 Rxc2 28. Rxc2 b6 29. g6 b5 30. Nxb5 Ba5 31. Ng5 1-0

[Event "EUR-chT Seniors 65"]
[Site "Prague"]
[Date "2021.09.02"]
[Round "4.2"]
[White "Meduna, Eduard"]
[Black "Sharif, Mershad"]
[Result "1/2-1/2"]
[WhiteElo "2352"]
[BlackElo "2335"]
[PlyCount "37"]
[EventDate "2021.08.30"]
[EventType "team-swiss"]
[EventRounds "9"]
[EventCountry "CZE"]
[SourceTitle "CBM 204 Extra"]
[Source "ChessBase"]
[SourceDate "2021.11.30"]
[SourceVersion "1"]
[SourceVersionDate "2021.11.30"]
[SourceQuality "1"]
[WhiteTeam "Lysa nad Labem 65"]
[BlackTeam "France 65"]
[WhiteTeamCountry "CZE"]
[BlackTeamCountry "FRA"]

1. d4 d5 2. Nf3 Nf6 3. c4 e6 4. Nc3 Nbd7 5. Bf4 Be7 6. e3 0-0 7. c5 Ne4 8. h4 c6 9. Bd3 f5 10. Qc2 b6 11. b4 a5 12. b5 Nxc3 13. bxc6 bxc5 14. cxd7 Bxd7 15. Qxc3 c4 16. 0-0 Bb4 17. Qc2 cxd3 18. Qxd3 Rc8 19. Rfc1 1/2-1/2

[Event "CZE-chT2C 1920"]
[Site "Czech Republic"]
[Date "2020.02.23"]
[Round "9.1"]
[White "Zilka, Stepan"]
[Black "Meduna, Eduard"]
[Result "1-0"]
[WhiteElo "2551"]
[BlackElo "2377"]
[PlyCount "113"]
[EventDate "2019.10.13"]
[EventType "team-tourn"]
[EventRounds "11"]
[EventCountry "CZE"]
[SourceTitle "EXT 2024"]
[Source "ChessBase"]
[SourceDate "2023.10.10"]
[SourceVersion "1"]
[SourceVersionDate "2023.10.10"]
[SourceQuality "1"]
[WhiteTeam "Kutna Hora"]
[BlackTeam "Lysa nad Labem Joly III"]
[WhiteTeamCountry "CZE"]
[BlackTeamCountry "CZE"]

1. e4 c6 2. Nf3 d5 3. d3 dxe4 4. dxe4 Qxd1+ 5. Kxd1 Bg4 6. Be2 Nd7 7. Ne1 Bxe2+ 8. Kxe2 Ngf6 9. f3 e6 10. a4 0-0-0 11. Nd3 Bd6 12. Be3 a6 13. Nd2 Ne5 14. Nxe5 Bxe5 15. Nc4 Bc7 16. a5 Ne8 17. Rhd1 Nd6 18. Nb6+ Bxb6 19. Bxb6 Rd7 20. b3 Nb5 21. Rxd7 Kxd7 22. c4 Nc7 23. e5 Kc8 24. f4 Na8 25. Bd4 Nc7 26. Rf1 g6 27. Bb6 h5 28. h3 Na8 29. Bc5 Nc7 30. Be7 Na8 31. Ra1 Nc7 32. Bf6 Rg8 33. Bh4 Ne8 34. Rd1 Nc7 35. Kf3 Na8 36. Rd6 Nc7 37. g4 Na8 38. Kg3 Kc7 39. Bf6 b6 40. b4 c5 41. bxc5 b5 42. Kf3 Rb8 43. Ke3 b4 44. Kd2 b3 45. Kc1 Rb4 46. Rd4 b2+ 47. Kb1 Kc6 48. gxh5 gxh5 49. Be7 Rb7 50. Rd6+ Kxc5 51. Rd7+ Kc6 52. Rxb7 Kxb7 53. Kxb2 Nc7 54. Kc3 Na8 55. Bf8 Kc6 56. Kd4 Kd7 57. Ke3 1-0

[Event "CZE-chT2C 1920"]
[Site "Czech Republic"]
[Date "2020.01.26"]
[Round "7.1"]
[White "Vyprachticky, David"]
[Black "Meduna, Eduard"]
[Result "1/2-1/2"]
[WhiteElo "2259"]
[BlackElo "2377"]
[PlyCount "21"]
[EventDate "2019.10.13"]
[EventType "team-tourn"]
[EventRounds "11"]
[EventCountry "CZE"]
[SourceTitle "EXT 2024"]
[Source "ChessBase"]
[SourceDate "2023.10.10"]
[SourceVersion "1"]
[SourceVersionDate "2023.10.10"]
[SourceQuality "1"]
[WhiteTeam "Praha Oaza II"]
[BlackTeam "Lysa nad Labem Joly III"]
[WhiteTeamCountry "CZE"]
[BlackTeamCountry "CZE"]

1. e4 c6 2. d4 d5 3. exd5 cxd5 4. c4 Nf6 5. Nc3 e6 6. Nf3 Be7 7. a3 0-0 8. Bg5 b6 9. Bd3 dxc4 10. Bxc4 Bb7 11. 0-0 1/2-1/2

[Event "CZE-chT 1920"]
[Site "Czech Republic"]
[Date "2019.12.01"]
[Round "4.2"]
[White "Meduna, Eduard"]
[Black "Barak, David"]
[Result "1/2-1/2"]
[WhiteElo "2377"]
[BlackElo "2070"]
[PlyCount "83"]
[EventDate "2019.10.12"]
[EventType "team-tourn"]
[EventRounds "11"]
[EventCountry "CZE"]
[SourceTitle "CBM 193 Extra"]
[Source "ChessBase"]
[SourceDate "2020.01.31"]
[SourceVersion "1"]
[SourceVersionDate "2020.01.31"]
[SourceQuality "1"]
[WhiteTeam "Lysa nad Labem"]
[BlackTeam "Brno Duras"]
[WhiteTeamCountry "CZE"]
[BlackTeamCountry "CZE"]

1. d4 Nf6 2. Nf3 c5 3. c3 e6 4. Bf4 b6 5. e3 Nh5 6. Bg5 Be7 7. Bxe7 Qxe7 8. Nbd2 Bb7 9. a4 Nc6 10. Nc4 Ba6 11. Nd6+ Qxd6 12. Bxa6 Nf6 13. 0-0 0-0 14. Qe2 cxd4 15. exd4 Nd5 16. Ne5 Rab8 17. g3 f6 18. Ng4 f5 19. Ne5 Nf6 20. Rfe1 Ne4 21. Nd3 Ne7 22. f3 Ng5 23. f4 Ne4 24. Ne5 Nd5 25. Bd3 Nef6 26. Nf3 Rb7 27. Qe5 Ne8 28. Bc4 Qxe5 29. Nxe5 Nef6 30. Bd3 Rc7 31. Nc4 Rb8 32. Ne3 Nxe3 33. Rxe3 Kf7 34. Re5 Ng4 35. Rb5 a6 36. Rb4 Ne3 37. Kf2 Nd5 38. Rb3 a5 39. Be2 Ke7 40. Bf3 Nf6 41. Re1 Rc4 42. Ra3 1/2-1/2

[Event "CZE-chT 1920"]
[Site "Czech Republic"]
[Date "2019.11.30"]
[Round "3.2"]
[White "Vymazal, Bronislav"]
[Black "Meduna, Eduard"]
[Result "1/2-1/2"]
[WhiteElo "2347"]
[BlackElo "2377"]
[PlyCount "50"]
[EventDate "2019.10.12"]
[EventType "team-tourn"]
[EventRounds "11"]
[EventCountry "CZE"]
[SourceTitle "CBM 193 Extra"]
[Source "ChessBase"]
[SourceDate "2020.01.31"]
[SourceVersion "1"]
[SourceVersionDate "2020.01.31"]
[SourceQuality "1"]
[WhiteTeam "Brno Moravska Slavia"]
[BlackTeam "Lysa nad Labem"]
[WhiteTeamCountry "CZE"]
[BlackTeamCountry "CZE"]

1. g3 Nf6 2. Bg2 d5 3. f4 g6 4. Nf3 Bg7 5. 0-0 c5 6. d3 Nc6 7. Qe1 d4 8. Na3 Nd5 9. Nc4 0-0 10. e4 dxe3 11. c3 b6 12. Bxe3 Bb7 13. Rd1 Nxe3 14. Qxe3 Qc7 15. Rfe1 Rad8 16. h4 h5 17. Nce5 Nxe5 18. Nxe5 Bxg2 19. Kxg2 e6 20. Rd2 Rd5 21. Nf3 Rfd8 22. Red1 Bf6 23. Kf2 b5 24. d4 cxd4 25. Nxd4 Bxd4 1/2-1/2

[Event "CZE-chT2C 1819"]
[Site "Czech Republic"]
[Date "2019.03.31"]
[Round "11.1"]
[White "Kourousis, Epaminondas"]
[Black "Meduna, Eduard"]
[Result "1-0"]
[WhiteElo "2389"]
[BlackElo "2403"]
[PlyCount "81"]
[EventDate "2018.10.14"]
[EventType "team-tourn"]
[EventRounds "11"]
[EventCountry "CZE"]
[SourceTitle "EXT 2022"]
[Source "ChessBase"]
[SourceDate "2021.10.06"]
[SourceVersion "1"]
[SourceVersionDate "2021.10.06"]
[SourceQuality "1"]
[WhiteTeam "Neratovice II"]
[BlackTeam "Lysa nad Labem III"]
[WhiteTeamCountry "CZE"]
[BlackTeamCountry "CZE"]

1. d4 Nf6 2. Nc3 d5 3. Bf4 Bf5 4. f3 e6 5. g4 Bg6 6. h4 h6 7. e3 a6 8. Bd3 Bxd3 9. Qxd3 c5 10. Nge2 Nc6 11. 0-0-0 cxd4 12. exd4 Be7 13. g5 Nh5 14. g6 f5 15. Qe3 Kd7 16. Kb1 Re8 17. Be5 Kc8 18. Nc1 b6 19. Nd3 Kb7 20. Ne2 Rc8 21. Nef4 Nxf4 22. Nxf4 Bf8 23. Nd3 Qd7 24. Bf4 Be7 25. Rde1 Bf6 26. Be5 Bxe5 27. Nxe5 Nxe5 28. Qxe5 Rc6 29. Rh2 Rf8 30. Qf4 Qc7 31. Re5 Rc8 32. Qd2 Qd7 33. Rhe2 Rd6 34. Qe1 Rcc6 35. Rxf5 exf5 36. Re7 h5 37. Qe5 Kc8 38. Rxd7 Rxd7 39. Qxf5 Rf6 40. Qxh5 Kb7 41. Qg4 1-0

[Event "CZE-chT2C 1819"]
[Site "Czech Republic"]
[Date "2019.03.17"]
[Round "10.1"]
[White "Meduna, Eduard"]
[Black "Haase, Pavel"]
[Result "1-0"]
[WhiteElo "2403"]
[BlackElo "2152"]
[PlyCount "49"]
[EventDate "2018.10.14"]
[EventType "team-tourn"]
[EventRounds "11"]
[EventCountry "CZE"]
[SourceTitle "EXT 2022"]
[Source "ChessBase"]
[SourceDate "2021.10.06"]
[SourceVersion "1"]
[SourceVersionDate "2021.10.06"]
[SourceQuality "1"]
[WhiteTeam "Lysa nad Labem III"]
[BlackTeam "Liberec Desko"]
[WhiteTeamCountry "CZE"]
[BlackTeamCountry "CZE"]

1. d4 f5 2. g3 Nf6 3. Bg2 e6 4. Nf3 d5 5. c4 c6 6. 0-0 b5 7. cxb5 cxb5 8. Bf4 Bd6 9. Ne5 0-0 10. Nd2 Qb6 11. Nb3 Nfd7 12. Nd3 Bxf4 13. Nxf4 Qd6 14. Rc1 Nb6 15. Nc5 Nc6 16. e3 a5 17. b3 b4 18. Qe2 Na7 19. Rc2 Bd7 20. Rfc1 g5 21. Nfd3 Nb5 22. Qh5 Qe7 23. Bf1 Na3 24. Nxd7 Nxc2 25. Nxf8 1-0

[Event "CZE-chT2C 1819"]
[Site "Czech Republic"]
[Date "2019.02.24"]
[Round "9.1"]
[White "Voloshin, Leonid"]
[Black "Meduna, Eduard"]
[Result "1/2-1/2"]
[WhiteElo "2383"]
[BlackElo "2403"]
[PlyCount "28"]
[EventDate "2018.10.14"]
[EventType "team-tourn"]
[EventRounds "11"]
[EventCountry "CZE"]
[SourceTitle "EXT 2022"]
[Source "ChessBase"]
[SourceDate "2021.10.06"]
[SourceVersion "1"]
[SourceVersionDate "2021.10.06"]
[SourceQuality "1"]
[WhiteTeam "Bakov nad Jizerou"]
[BlackTeam "Lysa nad Labem III"]
[WhiteTeamCountry "CZE"]
[BlackTeamCountry "CZE"]

1. d4 d5 2. c4 c6 3. Nf3 Nf6 4. Nc3 dxc4 5. a4 Bf5 6. e3 e6 7. Bxc4 Nbd7 8. 0-0 Bb4 9. Qb3 a5 10. Rd1 0-0 11. Na2 Be7 12. Nc3 Bb4 13. Na2 Be7 14. Nc3 Bb4 1/2-1/2

[Event "CZE-chT2C 1718"]
[Site "Czech Republic"]
[Date "2018.03.18"]
[Round "10.1"]
[White "Meduna, Eduard"]
[Black "Borkovec, Milan"]
[Result "1/2-1/2"]
[WhiteElo "2393"]
[BlackElo "2197"]
[PlyCount "57"]
[EventDate "2017.10.15"]
[EventType "team-tourn"]
[EventRounds "11"]
[EventCountry "CZE"]
[SourceTitle "EXT 2022"]
[Source "ChessBase"]
[SourceDate "2021.10.06"]
[SourceVersion "1"]
[SourceVersionDate "2021.10.06"]
[SourceQuality "1"]
[WhiteTeam "Praha Eurovia"]
[BlackTeam "Tabor"]
[WhiteTeamCountry "CZE"]
[BlackTeamCountry "CZE"]

1. d4 Nf6 2. c4 c5 3. d5 e6 4. Nc3 exd5 5. cxd5 d6 6. Nf3 g6 7. Nd2 Bg7 8. e4 0-0 9. Be2 Re8 10. 0-0 Na6 11. f3 Nc7 12. a4 b6 13. Nc4 Ba6 14. Bg5 Qd7 15. Qd2 Bxc4 16. Bxc4 a6 17. Bd3 Reb8 18. Rab1 b5 19. b4 c4 20. Bc2 bxa4 21. Bxa4 Nb5 22. Be3 Qb7 23. Bxb5 axb5 24. Bd4 Nd7 25. Bxg7 Kxg7 26. f4 Ra3 27. Rfe1 Qb6+ 28. Kh1 f6 29. h3 1/2-1/2

[Event "CZE-chT 1718"]
[Site "Czech Republic"]
[Date "2018.01.14"]
[Round "6.1"]
[White "Sosna, Jan"]
[Black "Meduna, Eduard"]
[Result "1/2-1/2"]
[WhiteElo "2331"]
[BlackElo "2399"]
[PlyCount "50"]
[EventDate "2017.11.18"]
[EventType "team-tourn"]
[EventRounds "11"]
[EventCountry "CZE"]
[SourceTitle "EXT 2019"]
[Source "ChessBase"]
[SourceDate "2018.10.10"]
[SourceVersion "1"]
[SourceVersionDate "2018.10.10"]
[SourceQuality "1"]
[WhiteTeam "Poruba Slavoj"]
[BlackTeam "Lysa nad Labem"]
[WhiteTeamCountry "CZE"]
[BlackTeamCountry "CZE"]

1. d4 Nf6 2. Nf3 d5 3. Bf4 Bf5 4. Nbd2 e6 5. e3 Be7 6. c4 dxc4 7. Bxc4 c6 8. 0-0 Nbd7 9. h3 Ne4 10. a3 a5 11. Ba2 Nxd2 12. Nxd2 0-0 13. Qe2 Nb6 14. Rac1 Bg6 15. Nb3 Bd6 16. Bxd6 Qxd6 17. Qd2 a4 18. Nc5 Ra7 19. Qb4 Nd7 20. Nxd7 Qxd7 21. Rc5 Be4 22. Ra5 Rfa8 23. Rxa7 Rxa7 24. f3 Bd5 25. Bb1 Bb3 1/2-1/2

[Event "CZE-ch blitz"]
[Site "Prague"]
[Date "2017.12.30"]
[Round "15"]
[White "Turner, Radek"]
[Black "Meduna, Eduard"]
[Result "1/2-1/2"]
[WhiteElo "2027"]
[BlackElo "2404"]
[PlyCount "39"]
[EventDate "2017.12.30"]
[EventType "swiss (blitz)"]
[EventRounds "15"]
[EventCountry "CZE"]
[SourceTitle "CBM 182 Extra"]
[Source "ChessBase"]
[SourceDate "2018.02.23"]
[SourceVersion "1"]
[SourceVersionDate "2018.02.23"]
[SourceQuality "1"]

1. b3 d5 2. Bb2 Bg4 3. f3 Bh5 4. e4 dxe4 5. Qe2 exf3 6. Qb5+ Qd7 7. Qxh5 Qe6+ 8. Qe5 Qxe5+ 9. Bxe5 fxg2 10. Bxg2 c6 11. Nf3 Nd7 12. Bb2 Ngf6 13. Nc3 e6 14. 0-0-0 Bb4 15. a3 Be7 16. Rde1 0-0 17. Nd4 Rfd8 18. Ne4 Nd5 19. Rhf1 a5 20. c4 1/2-1/2

[Event "CZE-chT2C 1718"]
[Site "Czech Republic"]
[Date "2017.12.17"]
[Round "5.1"]
[White "Meduna, Eduard"]
[Black "Stastny, Jan"]
[Result "1-0"]
[WhiteElo "2393"]
[BlackElo "2224"]
[PlyCount "79"]
[EventDate "2017.10.15"]
[EventType "team-tourn"]
[EventRounds "11"]
[EventCountry "CZE"]
[SourceTitle "EXT 2022"]
[Source "ChessBase"]
[SourceDate "2021.10.06"]
[SourceVersion "1"]
[SourceVersionDate "2021.10.06"]
[SourceQuality "1"]
[WhiteTeam "Praha Eurovia"]
[BlackTeam "Ricany"]
[WhiteTeamCountry "CZE"]
[BlackTeamCountry "CZE"]

1. d4 Nf6 2. c4 e6 3. Nf3 c5 4. e3 g6 5. Nc3 Bg7 6. Be2 cxd4 7. exd4 d5 8. 0-0 0-0 9. cxd5 Nxd5 10. Bg5 Qb6 11. Qd2 Nc6 12. Rfd1 Re8 13. Rac1 Bd7 14. Bc4 Nxc3 15. bxc3 Na5 16. Be2 Ba4 17. Re1 Bc6 18. Ne5 f6 19. Nxc6 Qxc6 20. Bf4 Nc4 21. Qd3 Rac8 22. Bf3 Qd7 23. Qe4 Re7 24. h4 f5 25. Qb1 e5 26. dxe5 Nxe5 27. Bd1 Bf6 28. h5 Rce8 29. Bb3+ Kh8 30. Red1 Qc7 31. Ba4 Nf3+ 32. gxf3 Qxf4 33. Bxe8 Rxe8 34. Qxb7 Qg5+ 35. Kf1 Qxh5 36. f4 Qe2+ 37. Kg1 Qg4+ 38. Qg2 Qxf4 39. Re1 Rd8 40. Rcd1 1-0

[Event "CZE-chT 1718"]
[Site "Czech Republic"]
[Date "2017.12.03"]
[Round "4.5"]
[White "Studnicka, Tomas"]
[Black "Meduna, Eduard"]
[Result "1/2-1/2"]
[WhiteElo "2316"]
[BlackElo "2399"]
[PlyCount "102"]
[EventDate "2017.11.18"]
[EventType "team-tourn"]
[EventRounds "11"]
[EventCountry "CZE"]
[SourceTitle "CBM 181 Extra"]
[Source "ChessBase"]
[SourceDate "2017.12.12"]
[SourceVersion "1"]
[SourceVersionDate "2017.12.12"]
[SourceQuality "1"]
[WhiteTeam "Turnov Zikuda"]
[BlackTeam "Lysa nad Labem"]
[WhiteTeamCountry "CZE"]
[BlackTeamCountry "CZE"]

1. Nf3 Nf6 2. c4 c6 3. Nc3 d5 4. e3 g6 5. d4 Bg7 6. Bd3 0-0 7. 0-0 Bf5 8. Bxf5 gxf5 9. Qb3 Qb6 10. Qxb6 axb6 11. cxd5 Nxd5 12. Nxd5 cxd5 13. Bd2 Rc8 14. Rfc1 Nd7 15. Rxc8+ Rxc8 16. Rc1 Rxc1+ 17. Bxc1 e6 18. Kf1 Bf8 19. Bd2 Bd6 20. h3 h5 21. Ne1 Nb8 22. Nd3 Nc6 23. Ke2 f6 24. f4 b5 25. Bc3 Kf7 26. Kd1 b4 27. Bd2 b5 28. Kc2 Ke7 29. Nc5 Bxc5 30. dxc5 e5 31. fxe5 fxe5 32. Kb3 Ke6 33. Bxb4 d4 34. Bd2 Kd5 35. exd4 Kxd4 36. a4 bxa4+ 37. Kxa4 Kxc5 38. b4+ Kb6 39. Be3+ Kb7 40. Kb5 f4 41. Bg1 e4 42. Kc4 e3 43. b5 Na7 44. g4 fxg3 45. Bxe3 g2 46. h4 Nc8 47. Kd5 Ne7+ 48. Ke4 Ng6 49. Kf5 Nxh4+ 50. Kg5 Nf3+ 51. Kxh5 g1B 1/2-1/2

[Event "CZE-chT 1718"]
[Site "Czech Republic"]
[Date "2017.11.19"]
[Round "2.4"]
[White "Chytilek, Roman"]
[Black "Meduna, Eduard"]
[Result "1/2-1/2"]
[WhiteElo "2335"]
[BlackElo "2399"]
[PlyCount "40"]
[EventDate "2017.11.18"]
[EventType "team-tourn"]
[EventRounds "11"]
[EventCountry "CZE"]
[SourceTitle "CBM 181 Extra"]
[Source "ChessBase"]
[SourceDate "2017.12.12"]
[SourceVersion "1"]
[SourceVersionDate "2017.12.12"]
[SourceQuality "1"]
[WhiteTeam "Brno Duras"]
[BlackTeam "Lysa nad Labem"]
[WhiteTeamCountry "CZE"]
[BlackTeamCountry "CZE"]

1. e4 c6 2. d4 d5 3. e5 Bf5 4. Nf3 e6 5. Be2 h6 6. Nbd2 Ne7 7. Nb3 Nd7 8. 0-0 Bg4 9. h3 Bxf3 10. Bxf3 Nf5 11. Be2 g6 12. Bd2 a5 13. a4 Qb6 14. c3 Be7 15. Bd3 h5 16. Rb1 Qc7 17. Re1 Kf8 18. Nc1 h4 19. Ne2 Kg7 20. b3 c5 1/2-1/2

[Event "CZE-chT2C 1617"]
[Site "Czech Republic"]
[Date "2017.02.26"]
[Round "9.1"]
[White "Meduna, Eduard"]
[Black "Vavra, Pavel"]
[Result "1-0"]
[WhiteElo "2396"]
[BlackElo "2390"]
[PlyCount "52"]
[EventDate "2016.10.09"]
[EventType "team-tourn"]
[EventRounds "11"]
[EventCountry "CZE"]
[SourceTitle "EXT 2022"]
[Source "ChessBase"]
[SourceDate "2021.10.06"]
[SourceVersion "1"]
[SourceVersionDate "2021.10.06"]
[SourceQuality "1"]
[WhiteTeam "Lysa nad Labem III"]
[BlackTeam "Vysehrad II"]
[WhiteTeamCountry "CZE"]
[BlackTeamCountry "CZE"]

1. d4 e6 2. Nf3 d5 3. Bf4 c5 4. c3 Qb6 5. Qb3 Qxb3 6. axb3 cxd4 7. Nxd4 Nc6 8. Nb5 Kd7 9. e4 e5 10. Bg3 dxe4 11. Nd2 f6 12. Nxe4 Ke7 13. Bc4 a6 14. Nc7 Rb8 15. b4 Kd8 16. Nd5 Nge7 17. 0-0-0 Nxd5 18. Bxd5 Kc7 19. f4 Bg4 20. Rd2 Be7 21. h3 Bh5 22. Nc5 Bxc5 23. bxc5 Rhe8 24. Re1 Rbd8 25. b4 Re7 26. Bxc6 bxc6 1-0

[Event "CZE-chT2C 1617"]
[Site "Czech Republic"]
[Date "2016.11.27"]
[Round "4.1"]
[White "Meduna, Eduard"]
[Black "Borkovec, Milan"]
[Result "1-0"]
[WhiteElo "2396"]
[BlackElo "2209"]
[PlyCount "79"]
[EventDate "2016.10.09"]
[EventType "team-tourn"]
[EventRounds "11"]
[EventCountry "CZE"]
[SourceTitle "EXT 2022"]
[Source "ChessBase"]
[SourceDate "2021.10.06"]
[SourceVersion "1"]
[SourceVersionDate "2021.10.06"]
[SourceQuality "1"]
[WhiteTeam "Lysa nad Labem III"]
[BlackTeam "Tabor"]
[WhiteTeamCountry "CZE"]
[BlackTeamCountry "CZE"]

1. d4 Nf6 2. c4 c5 3. d5 e6 4. Nc3 exd5 5. cxd5 d6 6. Nf3 g6 7. Nd2 Bg7 8. e4 0-0 9. Be2 Na6 10. 0-0 Re8 11. f3 Nc7 12. a4 b6 13. Nc4 Ba6 14. Bg5 Bxc4 15. Bxc4 Qd7 16. Rb1 a6 17. b4 b5 18. Bd3 c4 19. Be2 bxa4 20. Nxa4 Nb5 21. Bxc4 Qa7+ 22. Kh1 Nd7 23. Rc1 Rec8 24. Qd2 Qb7 25. Be3 Rab8 26. Be2 Rxc1 27. Rxc1 Rc8 28. Bf1 Rc7 29. f4 Qc8 30. e5 Rxc1 31. Qxc1 Qxc1 32. Bxc1 dxe5 33. Nc5 Nb6 34. Nxa6 Nd6 35. Nc7 Kf8 36. Be3 Nbc8 37. Bc5 exf4 38. Ba6 Kg8 39. Bxc8 Nxc8 40. d6 1-0

[Event "CZE-chT2C 1516"]
[Site "Czech Republic"]
[Date "2016.03.13"]
[Round "9.1"]
[White "Jirovsky, Pavel"]
[Black "Meduna, Eduard"]
[Result "1/2-1/2"]
[WhiteElo "2318"]
[BlackElo "2392"]
[PlyCount "21"]
[EventDate "2015.10.18"]
[EventType "team-tourn"]
[EventRounds "11"]
[EventCountry "CZE"]
[SourceTitle "EXT 2022"]
[Source "ChessBase"]
[SourceDate "2021.10.06"]
[SourceVersion "1"]
[SourceVersionDate "2021.10.06"]
[SourceQuality "1"]
[WhiteTeam "Kolin"]
[BlackTeam "Lysa nad Labem III"]
[WhiteTeamCountry "CZE"]
[BlackTeamCountry "CZE"]

1. Nf3 Nf6 2. c4 c6 3. d4 d5 4. Qc2 dxc4 5. Qxc4 Bf5 6. g3 Nbd7 7. Bg2 Nb6 8. Qb3 e6 9. 0-0 a5 10. a4 Bb4 11. Nc3 1/2-1/2